Central Library OPAC University of Rajshahi

A history of Japanese theater / (Record no. 19283)

MARC details
000 -LEADER
fixed length control field 00732nam a2200241 a 4500
001 - CONTROL NUMBER
control field 19283
003 - CONTROL NUMBER IDENTIFIER
rucl marc code BD-RjUL
005 - DATE AND TIME OF LATEST TRANSACTION
control field 20211209000417.0
008 - FIXED-LENGTH DATA ELEMENTS--GENERAL INFORMATION
fixed length control field 140223s1971 ja a 001 0 eng d
035 ## - SYSTEM CONTROL NUMBER
System control number (BD-RjUL)19341
040 ## - CATALOGING SOURCE
Original cataloging agency DLC
Transcribing agency DLC
Modifying agency EQO
-- BD-RjUL
Language of cataloging eng
041 1# - LANGUAGE CODE
Language code of text/sound track or separate title eng
Language code of original jpn
082 ## - DEWEY DECIMAL CLASSIFICATION NUMBER
Classification number 792.952
Author mark and year TOH
100 1# - MAIN ENTRY--PERSONAL NAME
Personal name Toshio, Kawatake
Dates associated with a name 1914-
9 (RLIN) 51180
245 12 - TITLE STATEMENT
Title A history of Japanese theater /
Statement of responsibility, etc. Kawatake Toshio
260 ## - PUBLICATION, DISTRIBUTION, ETC. (IMPRINT)
Place of publication, distribution, etc. Tokyo :
Name of publisher, distributor, etc. Kokusai Bunka Shinkokai,
Date of publication, distribution, etc. 1971.
300 ## - PHYSICAL DESCRIPTION
Pagination v, 163 p :
Illustrations illus. ;
Size 25 cm
490 1# - SERIES STATEMENT
Series statement Series on Japanese life and culture
504 ## - BIBLIOGRAPHY, ETC. NOTE
Bibliography, etc Includes index.
650 #0 - SUBJECT ADDED ENTRY--TOPICAL TERM
Topical term or geographic name as entry element Theater
Geographic subdivision Japan
General subdivision History
9 (RLIN) 50505
830 #0 - SERIES ADDED ENTRY--UNIFORM TITLE
Uniform title Series on Japanese life and culture
942 ## - ADDED ENTRY ELEMENTS (KOHA)
Source of classification or shelving scheme Dewey Decimal Classification
Koha item type Books
Holdings
Lost status Source of classification or shelving scheme Damaged status Not for loan Collection code Permanent Location Current Location Shelving location Date acquired Source of acquisition Cost, normal purchase price Total Checkouts Full call number Date last seen Copy number Koha item type
  Dewey Decimal Classification   Not For Loan Non-fiction Central Library, University of Rajshahi Central Library, University of Rajshahi Reading Room 27/04/1979 Jonathan wrean and cop. 0.00   792.952 TOH 1971 23/02/2014 C-1 Books